Sociologická imaginácia pre právo
Teória sociologickej imaginácie, formulovanej Ch. W. Millsom (na rozdiel od právnej predstavivosti) je užitočná pre právnu vedu, tvorbu a výklad práva. Niektoré tradičné pojmy právnej vedy sú lepšie pochopiteľné v rámci vzťahov medzi svetmi mocenských inštitúcií a „Lebensweltom“ človeka. (napr. vere...
Salvato in:
| Autore principale: | |
|---|---|
| Natura: | Capitolo di libro |
| Lingua: | slovacco |
| Soggetti: | |
| Tags: |
Nessun Tag, puoi essere il primo ad aggiungerne!!
|
MARC
| LEADER | 00000naa a2200000 4500 | ||
|---|---|---|---|
| 001 | 0288986 | ||
| 005 | 20221123140749.6 | ||
| 041 | 0 | |a slo | |
| 044 | |a SK | ||
| 245 | 1 | 0 | |a Sociologická imaginácia pre právo |c Eduard Bárány |
| 520 | |a Teória sociologickej imaginácie, formulovanej Ch. W. Millsom (na rozdiel od právnej predstavivosti) je užitočná pre právnu vedu, tvorbu a výklad práva. Niektoré tradičné pojmy právnej vedy sú lepšie pochopiteľné v rámci vzťahov medzi svetmi mocenských inštitúcií a „Lebensweltom“ človeka. (napr. verejné/súkromné právo, právo/zákon). Je užitočná pri štúdiu ľudských práv a civilizačnom poslaní práva. | ||
| 610 | 2 | 0 | |a sociológia |
| 610 | 2 | 0 | |a právo |
| 610 | 2 | 0 | |a pojmy |
| 610 | 2 | 0 | |a práva ľudské |
| 610 | 2 | 0 | |a spoločnosť |
| 100 | 1 | |a Bárány, Eduard | |